000 00885nam a2200217Ii 4500
003 JO-AjNU
008 230605s9999||||xx |||||||||||||| ||und||
017 _a1997/9/1372
040 _aJO-AjNU
_bara
_erda
_cJO-AjNU
041 _aara
050 1 4 _aPJ6073 2006
100 3 _aتاليف الدروبي،محمد محمود؛ م.مشارك عبد الرحمن محمد الهويدي؛مراجعة صلاح محمد جرار؛أمين يوسف عودة,
_eauthor
_911852
245 0 0 _aاللغة العربية للأقسام الأدبية والإنسانية
250 _aط3
264 3 1 _aعمان:جامعة آل البيت، 2006
300 _a395ص
_bالمستوى الثاني
336 _atext
_btxt
_2rdacontent
337 _aunmediated
_bn
_2rdamedia
338 _avolume
_bnc
_2rdacarrier
650 4 _aاللغة العربية-اللغات-تعلم وتعليم
_911853
999 _aA2536
_c6104
_d6104